| 000 | 02400nam0a2200445 4500 | ||
|---|---|---|---|
| 001 | RU\NLR\BIBL_A\022514752 | ||
| 005 | 20260420042711.0 | ||
| 010 |
_a978-5-6053313-9-1 _9300 |
||
| 021 |
_aRU _bКН-П-25-008582 _9КН-П-25-0850 |
||
| 035 | _a(NLR Aleph) 022514752 | ||
| 090 |
_a13671479 _c13671479 |
||
| 100 | _a20250407d2024 u y0rusy50 ca | ||
| 101 | 0 | _arus | |
| 102 | _aRU | ||
| 105 | _aac||z|||100yy | ||
| 181 | 0 |
_ai3 _baxxe |
|
| 182 | 0 | _an | |
| 200 | 1 |
_aВ поисках высоких скоростей. Что значит ВСМ для России? _e[доклад _eспециально для Транспортной недели 2024] _fВ. В. Косой, П. А. Лавриненко, Н. А. Макуцкий [и др.] _g[ЦЭИ] |
|
| 203 |
_aТекст _bвизуальный _cнепосредственный |
||
| 210 |
_aМосква _cАрт Продакшн _d2024 |
||
| 215 |
_a77 с. _cил., цв. ил., портр. _d29 |
||
| 300 | _aНа обл.: Транспортная неделя 2024 | ||
| 300 | _aАвт. указаны на обороте тит. с. | ||
| 300 | _aНа 7-й с. 1-й и 2-й авт.: Косой В. В., Лавриненко П. А., кандидаты экон. наук | ||
| 300 | _aДоп. информ. в ссылках QR-кода кн. | ||
| 320 | _aБиблиогр.: с. 75 (27 назв.) | ||
| 606 | 1 |
_aЖелезнодорожные пассажирские перевозки _xОрганизация _yРоссийская Федерация _92678408 _3RU\NLR\AUTH\6601760479 |
|
| 606 | 1 |
_aЖелезнодорожные магистрали высокоскоростные _yРоссийская Федерация _92230933 _3RU\NLR\AUTH\6601571521 |
|
| 686 | 1 | _aУ37(2)2-814(2Р) | |
| 686 | 1 | _aО29 | |
| 701 | 1 |
_aКосой _bВ. В. _gВладимир Вульфович |
|
| 701 | 1 |
_aЛавриненко _bП. А. _gПетр Александрович |
|
| 701 | 1 |
_aМакуцкий _bН. А. _gНикита Александрович |
|
| 711 | 1 | 2 |
_aТранспортная неделя _eМосква _f2024 _92658655 _3RU\NLR\AUTH\880626287 |
| 712 | 0 | 2 |
_4570 _aЦентр экономики инфраструктуры _cМосква _9690711 _3RU\NLR\AUTH\880515028 |
| 942 | _cBOOK | ||
| 980 | _aNB | ||